00424nam a2200109Ia 4500008004100000100002200041245010700063260002900170300001800199650001500217856008200232160712s9999 xx 000 0 und d aArriola, Joyce L. cJoyce L. ArriolaaKorido-Komiks into Film: Sourcing, Adapting, and Recycling the Bernardo Carpio Story c2014bHumanities Diliman avol. 11 no. 1 xHUMANITIES uhttp://journals.upd.edu.ph/index.php/humanitiesdiliman/issue/view/445/showToc